welke vlaggen zitten er in de vlag van Noorwegen? - Statistieken

Algemene statistieken
  • Deze quiz is 102 keer genomen
  • De gemiddelde score is 5 van 8
Antwoordstatistieken
Antwoord % Correct
finland
72%
nederland
70%
polen
58%
monaco
56%
frankrijk
53%
indonesie
53%
noorwegen
52%
thailand
46%
Geen overeenkomende quizzen gevonden
Scoreverdeling
Procent van Mensen met Elke Score
Percentiel versus Aantal Correcte Antwoorden
Uw Scoregeschiedenis
U heeft deze quiz nog niet genomen